Statistics for Top 500 Movies of All Time

Click here to take the quiz!

General Stats

  • This quiz has been taken 370 times
  • The average score is 80 of 500

Answer Stats

RankYearDirectorMovie% Correct
21972Francis Ford CoppolaThe Godfather
91%
581931Fritz LangM
84%
111974Francis Ford CoppolaThe Godfather: Part II
84%
51994Quentin TarantinoPulp Fiction
78%
1721977George LucasStar Wars
78%
411980Irvin KershnerThe Empire Strikes Back
77%
11968Stanley Kubrick2001: A Space Odyssey
72%
1902001Peter JacksonThe Lord of the Rings: The Fellowship of the Ring
68%
2172003Peter JacksonThe Lord of the Rings: The Return of the King
68%
211971Stanley KubrickA Clockwork Orange
67%
4112002Peter JacksonThe Lord of the Rings: The Two Towers
67%
161980Stanley KubrickThe Shining
67%
321960Alfred HitchcockPsycho
65%
2461995David FincherSe7en
65%
4291974Rainer Werner FassbinderAngst essen Seele auf
64%
31979Francis Ford CoppolaApocalypse Now
64%
491941Orson WellesCitizen Kane
64%
1011942Michael CurtizCasablanca
63%
291979Ridley ScottAlien
62%
222019Bong Joon-hoParasite
62%
121976Martin ScorseseTaxi Driver
62%
261990Martin ScorseseGoodFellas
61%
41966Sergio LeoneIl buono, il brutto, il cattivo
61%
131954Akira KurosawaSeven Samurai
58%
2502008Christopher NolanThe Dark Knight
57%
2001993Steven SpielbergSchindler's List
56%
3421986James CameronAliens
52%
871992Quentin TarantinoReservoir Dogs
52%
1241994Frank DarabontThe Shawshank Redemption
52%
461958Alfred HitchcockVertigo
52%
91957Sidney Lumet12 Angry Men
51%
331975Miloš FormanOne Flew Over the Cuckoo's Nest
51%
441954Alfred HitchcockRear Window
51%
991946Frank CapraIt's a Wonderful Life
50%
142001Hayao MiyazakiSpirited Away
50%
1181977Woody AllenAnnie Hall
49%
751996Joel CoenFargo
49%
1841999David FincherFight Club
49%
592007Joel Coen / Ethan CoenNo Country for Old Men
48%
1231980Martin ScorseseRaging Bull
48%
1481940Charlie ChaplinThe Great Dictator
48%
1341991Jonathan DemmeThe Silence of the Lambs
48%
371982Ridley ScottBlade Runner
47%
2932009Quentin TarantinoInglourious Basterds
47%
2701995John LasseterToy Story
47%
4851993Derek JarmanBlue
46%
3441981Steven SpielbergRaiders of the Lost Ark
46%
911974Roman PolańskiChinatown
45%
381964Stanley KubrickDr. Strangelove, or: How I Learned to Stop Worrying and Love the Bomb
45%
1431987Stanley KubrickFull Metal Jacket
44%
571936Charlie ChaplinModern Times
44%
1061959Alfred HitchcockNorth by Northwest
44%
1311991James CameronTerminator 2: Judgment Day
44%
172001David LynchMulholland Dr.
43%
1261994Krzysztof KieślowskiTrois couleurs: Rouge
43%
2551985Robert ZemeckisBack to the Future
42%
961962David LeanLawrence of Arabia
42%
1931952Stanley Donen / Gene KellySingin' in the Rain
42%
2431992Clint EastwoodUnforgiven
42%
1972000Christopher NolanMemento
41%
4321999Lilly Wachowski / Lana WachowskiThe Matrix
41%
501931Charlie ChaplinCity Lights
40%
721984Segio LeoneOnce Upon a Time in America
40%
252007Paul Thomas AndersonThere Will Be Blood
40%
301968Sergio LeoneC'era una volta il West
39%
3171959Billy WilderSome Like It Hot
39%
541998Joel CoenThe Big Lebowski
39%
651927Fritz LangMetropolis
38%
1781978Michael CiminoThe Deer Hunter
38%
391982John CarpenterThe Thing
38%
1201986David LynchBlue Velvet
37%
1031977David LynchEraserhead
37%
731960Billy WilderThe Apartment
37%
3861984Miloš FormanAmadeus
36%
4481999Sam MendesAmerican Beauty
36%
401957Ingmar BergmanDet sjunde inseglet
36%
761975Terry Gilliam / Terry JonesMonty Python and the Holy Grail
36%
1051968Roman PolańskiRosemary's Baby
36%
1221989Spike LeeDo the Right Thing
35%
361997Hayao MiyazakiPrincess Mononoke
35%
3552014Wes AndersonThe Grand Budapest Hotel
35%
561975Stanley KubrickBarry Lyndon
34%
1132003Park Chan-wookOldboy
34%
3101957David LeanThe Bridge on the River Kwai
34%
952004Michel GondryEternal Sunshine of the Spotless Mind
32%
4871954Elia KazanOn the Waterfront
32%
1401980David LynchThe Elephant Man
32%
1911950Joseph L. MankiewiczAll About Eve
31%
341950Billy WilderSunset Blvd.
31%
1561925Charlie ChaplinThe Gold Rush
31%
2351996Danny BoyleTrainspotting
31%
191990David LynchTwin Peaks
31%
2692014Damien ChazelleWhiplash
31%
81985Elem KlimovCome and See
30%
3451999Paul Thomas AndersonMagnolia
30%
2321979Terry JonesMonty Python's Life of Brian
30%
2021988Hayao MiyazakiMy Neighbor Totoro
30%
531957Stanley KubrickPaths of Glory
30%
421985Akira KurosawaRan
30%
921950Akira KurosawaRashomon
30%
4622010Lee UnkrichToy Story 3
29%
772002Fernando MeirellesCidade de Deus
28%
1421965Sergio LeonePer qualche dollaro in più
28%
3481940Alfred HitchcockRebecca
28%
71979Andrei TarkovskyStalker
28%
3111921Charlie ChaplinThe Kid
28%
451953Yasujiro OzuTokyo Story
28%
2272008Andrew StantonWALL·E
28%
1621995Richard LinklaterBefore Sunrise
27%
931948Vittorio De SicaLadri di biciclette
27%
181966Ingmar BergmanPersona
27%
1941926Buster Keaton / Clyde BruckmanThe General
27%
2572004Richard LinklaterBefore Sunset
26%
1071981Wolfgang PetersenDas Boot
26%
3851988John McTiernanDie Hard
26%
4631995Michael MannHeat
26%
2781979Woody AllenManhattan
26%
1191949Carol ReedThe Third Man
26%
4761969Costa-GavrasZ
26%
3241997Paul Thomas AndersonBoogie Nights
25%
831988Isao TakahataGrave of the Fireflies
25%
881960Federico FelliniLa dolce vita
25%
2641985Terry GilliamBrazil
24%
1761975Sidney LumetDog Day Afternoon
24%
1151959François TruffautLes quatre cents coups
24%
1532003Bong Joon-hoMemories of Murder
24%
691957Ingmar BergmanSmultronstället
24%
4391966Sergei BondarchukWar and Peace 1: Andrei
24%
1541961Akira KurosawaYojimbo
24%
1602000Wong Kar-waiIn the Mood for Love
23%
3411968George A. RomeroNight of the Living Dead
23%
3811982Martin ScorseseThe King of Comedy
23%
4881973George Roy HillThe Sting
23%
351982Ingmar BergmanFanny och Alexander
22%
661984Wim WendersParis, Texas
22%
471975Andrei TarkovskyThe Mirror
22%
681963Federico Fellini
21%
61962Masaki KobayashiHarakiri
21%
521952Akira KurosawaIkiru
21%
2181976Sidney LumetNetwork
21%
711972Andrei TarkovskySolaris
21%
1021944Billy WilderDouble Indemnity
20%
3271995Mathieu KassovitzLa haine
20%
271928Carl Th. DreyerLa passion de Jeanne d'Arc
20%
2032018Bob Persichetti / Peter Ramsey / Rodney RothmanSpider-Man: Into the Spider-Verse
20%
1412019Robert EggersThe Lighthouse
20%
1451948John HustonThe Treasure of the Sierra Madre
20%
4211998Peter WeirThe Truman Show
20%
201966Andrei TarkovskyAndrei Rublev
19%
151994Béla TarrSátántangó
19%
4901954Alfred HitchcockDial M for Murder
18%
3561994Tim BurtonEd Wood
18%
3642012Thomas VinterbergJagten
18%
4011969John SchlesingerMidnight Cowboy
18%
4491998Terrence MalickThe Thin Red Line
18%
4222017Denis VilleneuveBlade Runner 2049
17%
3801987Sam RaimiEvil Dead II
17%
431963Akira KurosawaHigh and Low
17%
4031975Robert AltmanNashville
17%
3521948Alfred HitchcockRope
17%
821924Buster KeatonSherlock, Jr.
17%
2211974Francis Ford CoppolaThe Conversation
17%
2051940John FordThe Grapes of Wrath
17%
781972Werner HerzogAguirre, der Zorn Gottes
16%
1281988Katsuhiro OtomoAkira
16%
1382011Asghar FarhadiA Separation
16%
3832013Richard LinklaterBefore Midnight
16%
1551994Wong Kar-waiChungking Express
16%
2891978George A. RomeroDawn of the Dead
16%
2951987Wim WendersDer Himmel über Berlin
16%
3021997David LynchLost Highway
16%
3771984Rob ReinerThis Is Spinal Tap
16%
612000Edward YangYi Yi
16%
601974John CassavetesA Woman Under the Influence
15%
2191920Robert WieneDas Cabinet des Dr. Caligari
15%
1681971Peter BogdanovichThe Last Picture Show
15%
2451969Sam PeckinpahThe Wild Bunch
15%
3472003Lars von TrierDogville
14%
2861954Federico FelliniLa strada
14%
631927F. W. MurnauSunrise: A Song of Two Humans
14%
101997Hideaki Anno / Kazuya TsurumakiThe End of Evangelion
14%
1351958Orson WellesTouch of Evil
14%
3681973Terrence MalickBadlands
13%
3141991Joel CoenBarton Fink
13%
1851982Werner HerzogFitzcarraldo
13%
3061969Ken LoachKes
13%
1441962Chris MarkerLa jetée
13%
941953Henri-Georges ClouzotLe salaire de la peur
13%
2731983Andrei TarkovskyNostalghia
13%
3652019Céline SciammaPortrait de la jeune fille en feu
13%
1291948Michael Powell / Emeric PressburgerThe Red Shoes
13%
2591974Tobe HooperThe Texas Chain Saw Massacre
13%
1491957Akira KurosawaThrone of Blood
13%
1832019Joshua Safdie / Ben SafdieUncut Gems
13%
2061972Ingmar BergmanViskningar och rop
13%
2261957Billy WilderWitness for the Prosecution
13%
281991Edward YangA Brighter Summer Day
12%
3821978Terrence MalickDays of Heaven
12%
2331998Thomas VinterbergFesten
12%
2791978Ingmar BergmanHöstsonaten
12%
1001966Gillo PontecorvoLa battaglia di Algeri
12%
1861961Michelangelo AntonioniLa notte
12%
3511984Hayao MiyazakiNausicaä of the Valley of the Wind
12%
671955Carl Th. DreyerOrdet
12%
1101955Satyajit RayPather Panchali
12%
1271997Satoshi KonPerfect Blue
12%
3321965Jean-Luc GodardPierrot le fou
12%
231964Hiroshi TeshigaharaWoman in the Dunes
12%
4701979Bob FosseAll That Jazz
11%
3231982Margarida Cordeiro / António ReisAna
11%
2042011Béla TarrA torinói ló
11%
1211990Abbas KiarostamiClose-Up
11%
3911986Hayao MiyazakiLaputa: Castle in the Sky
11%
1871967Jean-Pierre MelvilleLe samouraï
11%
811927Abel GanceNapoléon vu par Abel Gance
11%
851973Ingmar BergmanScener ur ett äktenskap
11%
891985Claude LanzmannShoah
11%
3152008Charlie KaufmanSynecdoche, New York
11%
4731999Brad BirdThe Iron Giant
11%
1671955Charles LaughtonThe Night of the Hunter
11%
1391942Ernst LubitschTo Be or Not to Be
11%
4511983David CronenbergVideodrome
11%
4681967Stuart RosenbergCool Hand Luke
10%
1501975Akira KurosawaDersu Uzala
10%
4951933Leo McCareyDuck Soup
10%
3621958Sergei EisensteinIvan the Terrible, Part 2
10%
2231937Jean RenoirLa grande illusion
10%
1741973Alejandro JodorowskyLa montaña sagrada
10%
2561939Jean RenoirLa règle du jeu
10%
791949Yasujiro OzuLate Spring
10%
971929Dziga VertovMan With a Movie Camera
10%
3281959Howard HawksRio Bravo
10%
741959Masaki KobayashiThe Human Condition I: No Greater Love
10%
1611952Vittorio De SicaUmberto D.
10%
1091956Robert BressonUn condamné à mort s'est échappé ou Le vent souffle où il veut
10%
3781966Mike NicholsWho's Afraid of Virginia Woolf?
10%
4531995Wong Kar-waiFallen Angels
9%
3751932Tod BrowningFreaks
9%
4451980Akira KurosawaKagemusha
9%
4541988Krzysztof KieślowskiKrótki film o zabijaniu
9%
1041973Jean EustacheLa maman et la putain
9%
841945Marcel CarnéLes enfants du paradis
9%
4351958Jacques TatiMon oncle
9%
1701986Andrei TarkovskyOffret
9%
2161977John CassavetesOpening Night
9%
2241973Peter BogdanovichPaper Moon
9%
1571967Jacques TatiPlaytime
9%
1771981Andrzej ŻuławskiPossession
9%
621954Kenji MizoguchiSansho the Bailiff
9%
4841996Mike LeighSecrets & Lies
9%
3351946William WylerThe Best Years of Our Lives
9%
311961Masaki KobayashiThe Human Condition III: A Soldier's Prayer
9%
2291959Masaki KobayashiThe Human Condition II: Road to Eternity
9%
1731995Emir KusturicaUnderground
9%
642000Béla TarrWerckmeister harmóniák
9%
4911973Federico FelliniAmarcord
8%
1961962Yasujiro OzuAn Autumn Afternoon
8%
4651945David LeanBrief Encounter
8%
4191995Jim JarmuschDead Man
8%
1141924Erich von StroheimGreed
8%
4831959Alain ResnaisHiroshima mon amour
8%
4521977Nobuhiko ObayashiHouse
8%
1301975Chantal AkermanJeanne Dielman, 23 quai du Commerce, 1080 Bruxelles
8%
2541988Krzysztof KieślowskiKrótki film o miłości
8%
1591961Alain ResnaisL'année dernière à Marienbad
8%
4981960Michelangelo AntonioniL'avventura
8%
861957Federico FelliniLe notti di Cabiria
8%
511960Jacques BeckerLe trou
8%
3991952Charlie ChaplinLimelight
8%
1991993Mike LeighNaked
8%
1521965Akira KurosawaRed Beard
8%
4741965Roman PolańskiRepulsion
8%
2341960Luchino ViscontiRocco e i suoi fratelli
8%
3041961Ingmar BergmanSåsom i en spegel
8%
241984Jonathan DemmeStop Making Sense
8%
2581957Mikhail KalatozovThe Cranes Are Flying
8%
4691971Ken RussellThe Devils
8%
2531962John FordThe Man Who Shot Liberty Valance
8%
2251993Nick ParkThe Wrong Trousers
8%
3091973Orson WellesVérités et mensonges
8%
4121946Michael Powell / Emeric PressburgerA Matter of Life and Death
7%
3721966Robert BressonAu hasard Balthazar
7%
4052018Lee Chang-dongBurning
7%
2221973Víctor EriceEl espíritu de la colmena
7%
2521926F. W. MurnauFaust: Eine deutsche Volkssage
7%
552012Don HertzfeldtIt's Such a Beautiful Day
7%
3462011Don HertzfeldtIt's Such a Beautiful Day
7%
4361961Stanley KramerJudgment at Nuremburg
7%
4711960Ingmar BergmanJungfrukällan
7%
3051962Michelangelo AntonioniL'eclisse
7%
2131963Ingmar BergmanNattvardsgästerna
7%
3691958Andrzej WajdaPopiół i diament
7%
3371945Roberto RosselliniRoma città aperta
7%
2151969Sergei ParajanovThe Colour of Pomegranates
7%
2751928Victor SjöströmThe Wind
7%
1251959Satyajit RayThe World of Apu
7%
901953Kenji MizoguchiUgetsu
7%
2511961Luis BuñuelViridiana
7%
2141951Billy WilderAce in the Hole
6%
4751924F. W. MurnauDer letzte Mann
6%
1921951Yasujiro OzuEarly Summer
6%
2111921Victor SjöströmKörkarlen
6%
2811964Masaki KobayashiKwaidan
6%
2101969Jean-Pierre MelvilleL'armée des ombres
6%
3881976Roman PolańskiLe locataire
6%
3581955Henri-Georges ClouzotLes diaboliques
6%
2071950Luis BuñuelLos olvidados
6%
2361991Zhang YimouRaise the Red Lantern
6%
1321983Chris MarkerSans soleil
6%
1691977Larisa ShepitkoThe Ascent
6%
3431943Michael Powell / Emeric PressburgerThe Life and Death of Colonel Blimp
6%
3922004Apichatpong WeerasethakulTropical Malady
6%
4151967Sergei BondarchukWar and Peace 3: 1812
6%
1362018Hu BoAn Elephant Sitting Still
5%
3661968John CassavetesFaces
5%
1981998Jean-Luc GodardHistoire(s) du cinéma
5%
4301960Yasujiro OzuLate Autumn
5%
2281970Jean-Pierre MelvilleLe cercle rouge
5%
3191971Robert AltmanMcCabe & Mrs. Miller
5%
1751967Masaki KobayashiSamurai Rebellion
5%
2201964Mikhail KalatozovSoy Cuba
5%
1121957Yasujiro OzuTokyo Twilight
5%
1581943Carl Th. DreyerVredens dag
5%
3731977Robert Altman3 Women
4%
4891965Orson WellesCampanadas a medianoche
4%
2981988Emir KusturicaDom za vešanje
4%
4811986Jim JarmuschDown by Law
4%
2081955Jules DassinDu rififi chez les hommes
4%
2411962Luis BuñuelEl ángel exterminador
4%
3501959Yasujiro OzuFloating Weeds
4%
4921964Michelangelo AntonioniIl deserto rosso
4%
3711972Luis BuñuelLe charme discret de la bourgeoisie
4%
2091934Raymond BernardLes misérables
4%
802008Sion SonoLove Exposure
4%
3161937Leo McCareyMake Way for Tomorrow
4%
2672009Adam ElliotMary and Max
4%
2761956Alain ResnaisNuit et brouillard
4%
1112012Joshua OppenheimerThe Act of Killing
4%
4961989Peter GreenawayThe Cook, the Thief, His Wife & Her Lover
4%
1801952Kenji MizoguchiThe Life of Oharu
4%
4441973Robert AltmanThe Long Goodbye
4%
2741958Satyajit RayThe Music Room
4%
2681940Ernst LubitschThe Shop Around the Corner
4%
3491932Ernst LubitschTrouble in Paradise
4%
4571962Jean-Luc GodardVivre sa vie: Film en douze tableaux
4%
4081987Abbas KiarostamiWhere Is the Friend's Home?
4%
3611949Raoul WalshWhite Heat
4%
3631996Mohsen MakhmalbafA Moment of Innocence
3%
4021985Mamoru OshiiAngel's Egg
3%
4601956Yasujiro OzuEarly Spring
3%
1081974Peter WatkinsEdvard Munch
3%
1651970Elio PetriIndagine su un cittadino al di sopra di ogni sospetto
3%
3331954Nicholas RayJohnny Guitar
3%
3951992Abbas KiarostamiLife, and Nothing More...
3%
1951984John CassavetesLove Streams
3%
4061969Éric RohmerMa nuit chez Maud
3%
3181943Maya Deren / Alexander HammidMeshes of the Afternoon
3%
2912005Martin ScorseseNo Direction Home: Bob Dylan
3%
4091989Franco PiavoliNostos: Il ritorno
3%
3591964Kaneto ShindoOnibaba
3%
3971947Jacques TourneurOut of the Past
3%
2711977Werner HerzogStroszek
3%
2621957Alexander MackendrickSweet Smell of Success
3%
4001985Juzo ItamiTampopo
3%
2601928King VidorThe Crowd
3%
2901961Robert RossenThe Hustler
3%
2941986Edward YangThe Terrorizers
3%
3261975Theo AngelopoulosThe Travelling Players
3%
482002Wang BingTie Xi Qu: West of the Tracks
3%
702000Jonas MekasAs I Was Moving Ahead Occasionally I Saw Brief Glimpses of Beauty
2%
3791971King HuA Touch of Zen
2%
3211984Eduardo CoutinhoCabra marcado para morrer
2%
1511971Toshio MatsumotoDemons
2%
3761997Takeshi KitanoFireworks
2%
1791969Toshio MatsumotoFuneral Parade of Roses
2%
3362015Ryusuke HamaguchiHappy Hour
2%
1631994Steve JamesHoop Dreams
2%
4171961Ermanno OlmiIl posto
2%
2801950Nicholas RayIn a Lonely Place
2%
2471958Mario MonicelliI soliti ignoti
2%
2971974Werner HerzogJeder für sich und Gott gegen alle
2%
2881962Anselmo DuarteO pagador de promessas
2%
2011971Jacques RivetteOut 1 : Noli me tangere
2%
1371965Wojciech Jerzy HasRękopis znaleziony w Saragossie
2%
3131979Igor MaslennikovSherlock Holmes and Doctor Watson: The Acquaintance
2%
2961987PrinceSign "☮" the Times
2%
3341969Juraj HerzSpalovač mrtvol
2%
3391981Igor MaslennikovThe Adventures of Sherlock Holmes and Dr. Watson: The Hound of the Baskervilles
2%
4501950John HustonThe Asphalt Jungle
2%
3841956Kon IchikawaThe Burmese Harp
2%
2311954Kenji MizoguchiThe Crucified Lovers
2%
2821966Hiroshi TeshigaharaThe Face of Another
2%
3381939Kenji MizoguchiThe Story of the Last Chrysanthemums
2%
4161966Kihachi OkamotoThe Sword of Doom
2%
4561977Ettore ScolaUna giornata particolare
2%
3221969Péter BacsóA tanú
1%
2121976Zoltán FábriAz ötödik pecsét
1%
1331974Ettore ScolaC'eravamo tanto amati
1%
4311976Carlos SauraCría cuervos...
1%
2481994Terry ZwigoffCrumb
1%
4411997Kiyoshi KurosawaCure
1%
3891933Fritz LangDas Testament des Dr. Mabuse
1%
3291953Chuck JonesDuck Amuck
1%
4232015Ciro GuerraEl abrazo de la serpiente
1%
3931983Víctor EriceEl Sur
1%
2831981Marcell JankovicsFehérlófia
1%
3301932Mervyn LeRoyI Am a Fugitive From a Chain Gang
1%
981962Dino RisiIl sorpasso
1%
4581957Andrzej WajdaKanał
1%
1881982Godfrey ReggioKoyaanisqatsi
1%
2871991Jacques RivetteLa belle noiseuse
1%
2851978Ermanno OlmiL'albero degli zoccoli
1%
4181969Marcel OphülsLe chagrin et la pitié - Chronique d'une ville française sous l'Occupation
1%
4421992Werner HerzogLektionen in Finsternis
1%
2371967František VláčilMarketa Lazarová
1%
1461972Jan TroellNybyggarna
1%
2491996Joe Berlinger / Bruce SinofskyParadise Lost: The Child Murders at Robin Hood Hills
1%
1661990Jennie LivingstonParis Is Burning
1%
1821974Shuji TerayamaPastoral: To Die in the Country
1%
2771965Sergei ParajanovShadows of Forgotten Ancestors
1%
3982006Apichatpong WeerasethakulSyndromes and a Century
1%
2991928Edward Sedgwick / Buster KeatonThe Cameraman
1%
2421984Mick JacksonThreads
1%
3201971Shuji TerayamaThrow Away Your Books, Rally in the Streets
1%
1891989David CherkaskiyTreasure Island
1%
1711974Bernard QueysanneUn homme qui dort
1%
4201971Jan TroellUtvandrarna
1%
4131973Rainer Werner FassbinderWelt am Draht
1%
2841975Andrzej WajdaZiemia obiecana
1%
4341965Bill MeléndezA Charlie Brown Christmas
0%
4591957Elia KazanA Face in the Crowd
0%
4971974Wim WendersAlice in den Städten
0%
4931999Chris SmithAmerican Movie
0%
2401979Manoel de OliveiraAmor de perdição
0%
3961999Frederick WisemanBelfast, Maine
0%
4801966El'dar RyazanovBeware of the Car
0%
2651974Jacques RivetteCéline et Julie vont en bateau - Phantom Ladies Over Paris
0%
3572004Stan LathanDave Chappelle: For What It's Worth
0%
3082000Stan LathanDave Chappelle: Killin' Them Softly
0%
3122013Edgar ReitzDie andere Heimat: Chronik einer Sehnsucht
0%
4781924Fritz LangDie Nibelungen: 1. Film – Siegfried
0%
4242018Nick Cave and The Bad SeedsDistant Sky
0%
4551964Stan BrakhageDog Star Man
0%
4991976Jaime ChávarriEl desencanto
0%
1172000Shinji AoyamaEureka
0%
3401996Rocco UrbisciGeorge Carlin: Back in Town
0%
4261992Rocco UrbisciGeorge Carlin: Jammin' in New York
0%
3251976Barbara KoppleHarlan County, USA
0%
2441988Vladimir BortkoHeart of a Dog
0%
4381974Peter DavidHearts and Minds
0%
2302007Dean DeBloisHeima
0%
4402008Mariano LlinásHistorias extraordinarias
0%
4721977Hans-Jürgen SyberbergHitler, ein Film aus Deutschland
0%
1812015Abbas FahdelHomeland (Irak année zéro)
0%
4281970Frederick WisemanHospital
0%
2921965Marlen KhutsiyevI Am Twenty
0%
3741981Franco PiavoliIl pianeta azzurro
0%
3071978Rainer Werner FassbinderIn einem Jahr mit 13 Monden
0%
2611965Antonio PietrangeliIo la conoscevo bene
0%
3001972Mikko NiskanenKahdeksan surmanluotia
0%
3871986Jiří BartaKrysař
0%
4431996Pierre-André BoutangL'abécédaire de Gilles Deleuze
0%
4822000Peter WatkinsLa Commune (Paris, 1871)
0%
1471959Mario MonicelliLa grande guerra
0%
4332003Marco Tullio GiordanaLa meglio gioventù
0%
4461966Jean-Pierre MelvilleLe deuxième souffle
0%
4141977Chris MarkerLe fond de l'air est rouge
0%
1641984Raúl RuizLes destins de Manoel
0%
4791972Kenji MisumiLone Wolf and Cub: Baby Cart at the River Styx
0%
4671960Roberto GavaldónMacario
0%
3532004Masaaki YuasaMind Game
0%
3701968D. A. PennebakerMonterey Pop
0%
4942014Lav DiazMula sa Kung Ano ang Noon
0%
2381989Frederick WisemanNear Death
0%
5001965Ján Kadár / Elmar KlosObchod na korze
0%
1161972Adrian MabenPink Floyd: Live at Pompeii
0%
3941959Jerzy KawalerowiczPociąg
0%
2661999Kunihiko IkuharaRevolutionary Girl Utena: Adolescence Apocalypse
0%
4271989Robert KramerRoute One/USA
0%
4071973Wojciech Jerzy HasSanatorium pod klepsydrą
0%
4641966John FrankenheimerSeconds
0%
3541992Ulrike OttingerTaiga
0%
4041979Yuri NorshteinTale of Tales
0%
3602005Jeff FeuerzeigThe Devil and Daniel Johnston
0%
4772010Tatsuya Ishihara / Yasuhiro TakemotoThe Disappearance of Haruhi Suzumiya
0%
2631987Kazuo HaraThe Emperor's Naked Army Marches On
0%
3671968Mikhail ShveytserThe Golden Calf
0%
3012007D. A. PennebakerThe Jimi Hendrix Experience: Live at Monterey
0%
4371979Jeff SteinThe Kids Are Alright
0%
4471943William A. WellmanThe Ox-Bow Incident
0%
4611964Vasily ShukshinThere Is Such a Lad
0%
2722013Isao TakahataThe Tale of the Princess Kaguya
0%
4101979Mark ZakharovThe Very Same Munchhausen
0%
2392013Wang Bing'Til Madness Do Us Part
0%
4861960Luigi ComenciniTutti a casa
0%
3311961Dino RisiUna vita difficile
0%
3901977Mario MonicelliUn borghese piccolo piccolo
0%
4661994Tsai Ming-liangVive l'amour
0%
3031975Frederick WisemanWelfare
0%
4251970Michael WadleighWoodstock: 3 Days of Peace & Music
0%

Score Distribution

Percentile by Number Answered

Percent of People with Each Score

Your Score History

You have not taken this quiz